000 00539nam a22001577a 4500
003 AR-RoIUNI
005 20231103100650.0
008 231103b xxu||||| |||| 00| 0 spa d
040 _cIUNIR
080 _a159.9
100 _aGogenola, Itziar
245 _aLa importancia del archivo onírico como practica colectiva anti-genocida :
_bel caso de los sueños de los hijos de desaparecidos durante la última dictadura cívico-militar en Argentina /
_cItzar Gogenola
260 _a2020
650 _aPsicología
_9108
942 _2cdu
_cTIFO
999 _c5847
_d5847